The essence of measurement
| Main Author: | |
|---|---|
| Format: | Book |
| Published: |
London :
Prentice Hall ,
1996
|
| Series: | Essence of engineering
|
| Subjects: |
MARC
| LEADER | 00000cam a2200000 7i4500 | ||
|---|---|---|---|
| 001 | 0000019038 | ||
| 005 | 20080612.0 | ||
| 008 | 080612 | ||
| 020 | |a 0133716759 | ||
| 090 | 0 | 0 | |a 681.2 |b MOR |
| 100 | 1 | |a Morris, Alan S | |
| 245 | 1 | 4 | |a The essence of measurement |c Alan S. Morris |
| 260 | |a London : |b Prentice Hall , |c 1996 | ||
| 440 | |a Essence of engineering | ||
| 650 | 0 | |a Engineering |x Instruments | |
| 650 | 0 | |a Engineering |x Measurement | |
| 999 | |a 0001023008 |b Book |c Adult Collection |e Perbadanan Perpustakaan Awam Johor | ||